000 02898cam a2200433 i 4500
001 23531896
003 URS
005 20260223164114.0
008 240122s2024 enk b 001 0 eng
010 _a 2023058507
020 _a9781032434759
_q(hbk)
020 _a9781032434728
_q(pbk)
020 _z9781003367499
_q(ebk)
035 _a23531896
040 _aDLC
_beng
_cDLC
_dDLC
_dURS
_erda
042 _apcc
050 0 0 _aHD61
_bR4943 2024
082 0 0 _a352.3/79
_223/eng/20240407
_bR4943 2024
100 1 _aDrennan, Lynn T.,
_d1953-
_eauthor.
245 1 0 _aRisk and crisis management in the public sector /
_cLynn T. Drennan, Adina Dudau, Allan McConnell, Alastair Stark.
250 _aThird edition.
264 1 _aAbingdon, Oxon ;
_aNew York, NY :
_bRoutledge, Taylor & Francis Group
_c2024.
300 _axxi, 270 pages ;
_c24 cm.
336 _atext
_btxt
_2rdacontent
337 _aunmediated
_bn
_2rdamedia
338 _avolume
_bnc
_2rdacarrier
490 0 _aMasters in public management
504 _aIncludes bibliographical references and index.
520 _a"Risk and Crisis Management in the Public Sector 3rd edition is a guide for public managers and public management students which combines practical and scholarly knowledge about risk and crisis management together in a single accessible text. In the uncertainty of the twenty-first century, public managers need to know how to identify risks and plan for crises, how to respond to uncertain events and emergencies, and how to develop resilience . This book provides this fundamental knowledge with reference to a range of contemporary cases including Covid-19, the war in Ukraine and global cyber-crime crises. It also explores the international, trans-boundary and multi-agency dimensions of risk and crisis management. This fully updated new edition explores the cutting edge of risk and crisis management scholarship, provides an extensive series of tools and practical guidance for public managers who deal with uncertainty and draws on a wealth of classic and contemporary case studies. This content equips readers and public managers with the knowledge and skills to understand key issues and debates, as well as the capacity to treat risks and better prepare for, respond to and recover from crisis episodes. This book is essential reading for students studying public management, risk management and crisis management as well as professionals in the public management sector"--
_cProvided by publisher.
650 0 _aRisk management.
650 0 _aCrisis management.
650 0 _aPolicy sciences.
700 _aDudau, Adina.,
_eauthor.
700 _aMcconnell, Allan.,
_eauthor.
700 _aStark, Alastair.,
_eauthor.
906 _a7
_bcbc
_corignew
_d1
_eecip
_f20
_gy-gencatlg
942 _2ddc
_cFR
999 _c98793
_d98790